ბათუმის შოთა რუსთაველის სახელმწიფო უნივერსიტეტის ბიბლიოთეკა

საყმაწვილო მოთხრობები (ბიბ.ჩანაწერი № 42902)

000 -LEADER
fixed length control field 00672nam a2200217Ia 4500
001 - CONTROL NUMBER
control field 9618
003 - CONTROL NUMBER IDENTIFIER
control field GE_BSU
008 - FIXED-LENGTH DATA ELEMENTS--GENERAL INFORMATION
fixed length control field 181216s||||||||xx |||||||||||||| ||und||
040 ## - CATALOGING SOURCE
Transcribing agency GE_BSU
080 ## - UNIVERSAL DECIMAL CLASSIFICATION NUMBER
Universal Decimal Classification number 82-93
100 ## - MAIN ENTRY--PERSONAL NAME
Personal name მეგრელი,დუტუ
245 ## - TITLE STATEMENT
Title საყმაწვილო მოთხრობები
245 ## - TITLE STATEMENT
Statement of responsibility, etc. რედ:ბ.მეუნარგია;მხატვ:კიკნაძე
260 ## - PUBLICATION, DISTRIBUTION, ETC.
Place of publication, distribution, etc. ტფილისი.
260 ## - PUBLICATION, DISTRIBUTION, ETC.
Name of publisher, distributor, etc. სახელგამი
260 ## - PUBLICATION, DISTRIBUTION, ETC.
Date of publication, distribution, etc. 1937
300 ## - PHYSICAL DESCRIPTION
Extent 20გვ;21სმ
300 ## - PHYSICAL DESCRIPTION
Other physical details ილ
653 ## - INDEX TERM--UNCONTROLLED
Uncontrolled term საყმაწვილო მოთხრობები
942 ## - ADDED ENTRY ELEMENTS (KOHA)
Koha item type წიგნი
ეგზემპლარები
Withdrawn status Lost status Damaged status Not for loan Date acquired Barcode Date last seen Price effective from Koha item type
        2018-12-17 32575 2018-12-17 2018-12-17 წიგნი
        2018-12-17 32576 2018-12-17 2018-12-17 წიგნი
        2018-12-17 32577 2018-12-17 2018-12-17 წიგნი
        2018-12-17 32578 2018-12-17 2018-12-17 წიგნი
        2018-12-17 32579 2018-12-17 2018-12-17 წიგნი
        2018-12-17 38162 2018-12-17 2018-12-17 წიგნი
        2018-12-17 33893 2018-12-17 2018-12-17 წიგნი